Bundesliga Teams 2026/2027 - Statistiken

Allgemein
  • Dieses Quiz wurde 38 mal gespielt
  • Das Durchschnittsergebnis liegt bei 17 aus 18
Antwortstatistiken
Verein % Korrekt
Bayer Leverkusen
100%
Borussia Dortmund
100%
FC Bayern München
100%
FC Schalke 04
100%
RB Leipzig
100%
SC Paderborn 07
100%
SV Elversberg
100%
VfB Stuttgart
100%
Eintracht Frankfurt
97%
SC Freiburg
97%
1. FC Köln
94%
FC Augsburg
94%
Hamburger SV
94%
TSG 1899 Hoffenheim
94%
Union Berlin
94%
1. FSV Mainz 05
92%
Borussia Mönchengladbach
92%
Werder Bremen
92%
Keine übereinstimmenden Quizze gefunden
Verteilung der Resultate
Anzahl Personen mit jedem Resultat
Perzentil nach korrekt beantworteten Fragen
Ihre Resultats-Entwicklung
Sie haben dieses Quiz noch nicht gespielt